000 00843cam a22002651 4500
001 ne 65002023
003 DLC
005 20260227111817.0
008 890131s1964 ua h b 000 0 ara
010 _ane 65002023
025 _aPL480:UAR-5901
035 _a(OCoLC)19087342
040 _aDLC
_cWaU
_dWaU
_dTU
_dDLC
042 _apremarc
045 _ax6x6
050 0 0 _aBP131.3
_b.B3 1964
100 1 _aBāqillānī, Muḥammad ibn al-Ṭayyib,
_d-1013.
245 1 0 _aIʻjāz al-Qurʼān,
_clil-Bāqillānī Abī Bakr Muḥammad ibn al-Ṭayyib. Taḥqīq al-Sayyid Aḥmad Saqr.
260 _a[al-Qāhirah]
_bDār al-Maʻārif
_c1963 [i. e. 1964]
300 _a393 p.
_bfacsims.
_c24 cm.
440 0 _aDhakhāʼir al-ʻArab,
_v12
504 _aBibliography: p. 374-380.
630 0 0 _aQurʼan
_xLanguage, style.
650 0 _aMetaphor.
999 _c48382
_d48382